312 Islands larger than 1,000 km2 on the World Map w/ hints - Statistics

General Stats
  • This quiz has been taken 952 times
  • The average score is 300 of 594
Answers on the Map
Answers color-coded by a green-red scale on the quiz's map according to % correct below.
 
Answer Stats
C Island A % Correct
๐Ÿ‡ฌ๐Ÿ‡ฑ ___enland
97%
๐Ÿ‡ฌ๐Ÿ‡ฑ ___ertarsuaq
97%
๐Ÿ‡ฌ๐Ÿ‡ฑ ___es
97%
๐Ÿ‡ฌ๐Ÿ‡ฑ ___graphical Society
97%
๐Ÿ‡ฌ๐Ÿ‡ฑ Greenland 2,130,800
97%
๐Ÿ‡ฌ๐Ÿ‡ฑ ___ill
97%
๐Ÿ‡ฌ๐Ÿ‡ฑ ___ne
97%
๐Ÿ‡ฌ๐Ÿ‡ฑ ___nnon
97%
๐Ÿ‡ฌ๐Ÿ‡ฑ ___r
97%
๐Ÿ‡ฌ๐Ÿ‡ฑ ___vering
97%
๐Ÿ‡จ๐Ÿ‡บ ___a
94%
๐Ÿ‡จ๐Ÿ‡บ Cuba 105,806
94%
๐Ÿ‡จ๐Ÿ‡บ ___entud
94%
๐Ÿ‡ฎ๐Ÿ‡ธ Iceland 101,826
94%
๐Ÿ‡ฎ๐Ÿ‡ช ๐Ÿ‡ฌ๐Ÿ‡ง Ireland 84,421
94%
๐Ÿ‡ฒ๐Ÿ‡ฌ Madagascar 587,041
94%
๐Ÿ‡ฎ๐Ÿ‡ฉ ___
93%
๐Ÿ‡ฎ๐Ÿ‡ฉ ___a
93%
๐Ÿ‡ฎ๐Ÿ‡ฉ ___a
93%
๐Ÿ‡ฎ๐Ÿ‡ฉ ___ahbesar
93%
๐Ÿ‡ฎ๐Ÿ‡ฉ ___am
93%
๐Ÿ‡ฎ๐Ÿ‡ฉ ___an
93%
๐Ÿ‡ฎ๐Ÿ‡ฉ ___ang
93%
๐Ÿ‡ฎ๐Ÿ‡ฉ ___ar
93%
๐Ÿ‡ฎ๐Ÿ‡ฉ ___at
93%
๐Ÿ‡ฎ๐Ÿ‡ฉ ___atra
93%
๐Ÿ‡ฎ๐Ÿ‡ฉ ___awati
93%
๐Ÿ‡ฎ๐Ÿ‡ฉ ___awesi
93%
๐Ÿ‡ฎ๐Ÿ‡ฉ ___ba
93%
๐Ÿ‡ฎ๐Ÿ‡ฉ ___bata
93%
๐Ÿ‡ฎ๐Ÿ‡ฉ ___bawa
93%
๐Ÿ‡ฎ๐Ÿ‡ฉ ___bok
93%
๐Ÿ‡ฎ๐Ÿ‡ฉ ___dena
93%
๐Ÿ‡ฎ๐Ÿ‡ฉ ___e
93%
๐Ÿ‡ฎ๐Ÿ‡ฉ ___en
93%
๐Ÿ‡ฎ๐Ÿ‡ฉ ___eng
93%
๐Ÿ‡ฎ๐Ÿ‡ฉ ___erut
93%
๐Ÿ‡ฎ๐Ÿ‡ฉ ___eulue
93%
๐Ÿ‡ฎ๐Ÿ‡ฉ ___geo
93%
๐Ÿ‡ฎ๐Ÿ‡ฉ ___gka
93%
๐Ÿ‡ฎ๐Ÿ‡ฉ ___gole
93%
๐Ÿ‡ฎ๐Ÿ‡ฉ ___i
93%
๐Ÿ‡ฎ๐Ÿ‡ฉ ___iabu
93%
๐Ÿ‡ฎ๐Ÿ‡ฉ ___itung
93%
๐Ÿ‡ฎ๐Ÿ‡ฉ ___k
93%
๐Ÿ‡ฎ๐Ÿ‡ฉ ___mahera
93%
๐Ÿ‡ฎ๐Ÿ‡ฉ ___ngan
93%
๐Ÿ‡ฎ๐Ÿ‡ฉ ___on
93%
๐Ÿ‡ฎ๐Ÿ‡ฉ ___ool
93%
๐Ÿ‡ฎ๐Ÿ‡ฉ ___otai
93%
๐Ÿ‡ฎ๐Ÿ‡ฉ ___r
93%
๐Ÿ‡ฎ๐Ÿ‡ฉ ___res
93%
๐Ÿ‡ฎ๐Ÿ‡ฉ ___roor
93%
๐Ÿ‡ฎ๐Ÿ‡ฉ ___s
93%
๐Ÿ‡ฎ๐Ÿ‡ฉ ___ Sudarso
93%
๐Ÿ‡ฎ๐Ÿ‡ฉ ___t
93%
๐Ÿ‡ฎ๐Ÿ‡ฉ ___tan
93%
๐Ÿ‡ฎ๐Ÿ‡ฉ ___tau
93%
๐Ÿ‡ฎ๐Ÿ‡ฉ ___u
93%
๐Ÿ‡ฎ๐Ÿ‡ฉ ___una Besar
93%
๐Ÿ‡ฎ๐Ÿ‡ฉ ___ura
93%
๐Ÿ‡ฌ๐Ÿ‡ง ___at Britain
92%
๐Ÿ‡จ๐Ÿ‡ฆ ___couver
92%
๐Ÿ‡จ๐Ÿ‡ฆ ___den
92%
๐Ÿ‡ฌ๐Ÿ‡ง ___e
92%
๐Ÿ‡จ๐Ÿ‡ฆ ___e Breton
92%
๐Ÿ‡จ๐Ÿ‡ฆ ___ef Ringnes
92%
๐Ÿ‡จ๐Ÿ‡ฆ ___eron
92%
๐Ÿ‡จ๐Ÿ‡ฆ ___erset
92%
๐Ÿ‡จ๐Ÿ‡ฆ ___es
92%
๐Ÿ‡จ๐Ÿ‡ฆ ___esby
92%
๐Ÿ‡จ๐Ÿ‡ฆ ___esmere
92%
๐Ÿ‡จ๐Ÿ‡ฆ ___fansson
92%
๐Ÿ‡จ๐Ÿ‡ฆ ___fin
92%
๐Ÿ‡จ๐Ÿ‡ฆ ___ Force
92%
๐Ÿ‡จ๐Ÿ‡ฆ ___foundland
92%
๐Ÿ‡จ๐Ÿ‡ฆ ___gheed
92%
๐Ÿ‡จ๐Ÿ‡ฆ ___g William
92%
๐Ÿ‡จ๐Ÿ‡ฆ ___ham
92%
๐Ÿ‡จ๐Ÿ‡ฆ ___ham
92%
๐Ÿ‡จ๐Ÿ‡ฆ ___hards
92%
๐Ÿ‡จ๐Ÿ‡ฆ ___herty
92%
๐Ÿ‡จ๐Ÿ‡ฆ ___hurst
92%
๐Ÿ‡จ๐Ÿ‡ฆ ___icosti
92%
๐Ÿ‡จ๐Ÿ‡ฆ ___ier
92%
๐Ÿ‡จ๐Ÿ‡ฆ ___inton
92%
๐Ÿ‡ฌ๐Ÿ‡ง ___is and Harris
92%
๐Ÿ‡จ๐Ÿ‡ฆ ___itoulin
92%
๐Ÿ‡จ๐Ÿ‡ฆ ___kenzie King
92%
๐Ÿ‡จ๐Ÿ‡ฆ ___ks
92%
๐Ÿ‡จ๐Ÿ‡ฆ ___ley
92%
๐Ÿ‡จ๐Ÿ‡ฆ ___l Heiberg
92%
๐Ÿ‡จ๐Ÿ‡ฆ ___miski
92%
๐Ÿ‡จ๐Ÿ‡ฆ ___m Martin
92%
๐Ÿ‡จ๐Ÿ‡ฆ ___nce Charles
92%
๐Ÿ‡จ๐Ÿ‡ฆ ___nce Edward
92%
๐Ÿ‡จ๐Ÿ‡ฆ ___nce of Wales
92%
๐Ÿ‡จ๐Ÿ‡ฆ ___nce Patrick
92%
๐Ÿ‡จ๐Ÿ‡ฆ ___ncess Royal
92%
๐Ÿ‡จ๐Ÿ‡ฆ ___nd Ringnes
92%
๐Ÿ‡จ๐Ÿ‡ฆ ___nwall
92%
๐Ÿ‡จ๐Ÿ‡ฆ ___nwallis
92%
๐Ÿ‡จ๐Ÿ‡ฆ ___olution
92%
๐Ÿ‡จ๐Ÿ‡ฆ ___on
92%
๐Ÿ‡จ๐Ÿ‡ฆ ___ot
92%
๐Ÿ‡จ๐Ÿ‡ฆ ___sel
92%
๐Ÿ‡ฑ๐Ÿ‡ฐ Sri Lanka 65,268
92%
๐Ÿ‡จ๐Ÿ‡ฆ ___t
92%
๐Ÿ‡จ๐Ÿ‡ฆ ___thampton
92%
๐Ÿ‡จ๐Ÿ‡ฆ ___tingham
92%
๐Ÿ‡จ๐Ÿ‡ฆ ___toria
92%
๐Ÿ‡จ๐Ÿ‡ฆ ___ts
92%
๐Ÿ‡จ๐Ÿ‡ฆ ___ville
92%
๐Ÿ‡ฆ๐Ÿ‡บ ___g
91%
๐Ÿ‡ฆ๐Ÿ‡บ ___garoo
91%
๐Ÿ‡ฌ๐Ÿ‡ง Great Britain 209,331
91%
๐Ÿ‡ฆ๐Ÿ‡บ ___hurst
91%
๐Ÿ‡ฆ๐Ÿ‡บ ___mania
91%
๐Ÿ‡ฆ๐Ÿ‡บ ___nders
91%
๐Ÿ‡ฆ๐Ÿ‡บ ___nington
91%
๐Ÿ‡ณ๐Ÿ‡ฟ North 111,583
91%
๐Ÿ‡ฆ๐Ÿ‡บ ___ote Eylandt
91%
๐Ÿ‡ฆ๐Ÿ‡บ ___ser
91%
๐Ÿ‡ณ๐Ÿ‡ฟ South 145,836
91%
๐Ÿ‡ฆ๐Ÿ‡บ Tasmania 65,022
91%
๐Ÿ‡ณ๐Ÿ‡ฟ ___th
91%
๐Ÿ‡ณ๐Ÿ‡ฟ ___th
91%
๐Ÿ‡ฆ๐Ÿ‡บ ___ville
91%
๐Ÿ‡ณ๐Ÿ‡ฟ ___wart/Rakiura
91%
๐Ÿ‡ฎ๐Ÿ‡น ___dinia
90%
๐Ÿ‡ฎ๐Ÿ‡น ___ily
90%
๐Ÿ‡ฎ๐Ÿ‡ฉ Java 138,794
90%
๐Ÿ‡ฎ๐Ÿ‡ฉ ๐Ÿ‡ต๐Ÿ‡ฌ New Guinea 785,753
90%
๐Ÿ‡ฎ๐Ÿ‡น Sicily 25,711
90%
๐Ÿ‡น๐Ÿ‡ผ Taiwan 35,883
90%
๐Ÿ‡ฎ๐Ÿ‡ฉ ๐Ÿ‡ฒ๐Ÿ‡พ ๐Ÿ‡ง๐Ÿ‡ณ Borneo 748,168
89%
๐Ÿ‡ฉ๐Ÿ‡ด ๐Ÿ‡ญ๐Ÿ‡น Hispaniola 73,929
89%
๐Ÿ‡ซ๐Ÿ‡ท ___nion
89%
๐Ÿ‡ซ๐Ÿ‡ท ___sica
89%
๐Ÿ‡ซ๐Ÿ‡ท ___tinique
89%
๐Ÿ‡ซ๐Ÿ‡ท Corsica 8,741
88%
๐Ÿ‡จ๐Ÿ‡พ Cyprus 9,234
88%
๐Ÿ‡ฏ๐Ÿ‡ฒ Jamaica 11,190
88%
๐Ÿ‡ฏ๐Ÿ‡ต ___kaido
88%
๐Ÿ‡ฏ๐Ÿ‡ต ___koku
88%
๐Ÿ‡ฏ๐Ÿ‡ต ___nawa
88%
๐Ÿ‡ฏ๐Ÿ‡ต ___shu
88%
๐Ÿ‡ฏ๐Ÿ‡ต ___shu
88%
๐Ÿ‡ฎ๐Ÿ‡ฉ Sumatra 443,066
88%
๐Ÿ‡ฌ๐Ÿ‡ท ___bos
87%
๐Ÿ‡ฌ๐Ÿ‡ท ___des
87%
๐Ÿ‡ฌ๐Ÿ‡ท ___oea
87%
๐Ÿ‡ฎ๐Ÿ‡น Sardinia 23,949
87%
๐Ÿ‡ฌ๐Ÿ‡ท ___te
87%
๐Ÿ‡ฌ๐Ÿ‡ท Crete 8,350
86%
๐Ÿ‡ฏ๐Ÿ‡ต Hokkaido 83,424
86%
๐Ÿ‡ฏ๐Ÿ‡ต Honshu 227,960
86%
๐Ÿ‡จ๐Ÿ‡ฆ Newfoundland 108,860
86%
๐Ÿ‡ต๐Ÿ‡ญ ___anduanes
84%
๐Ÿ‡ต๐Ÿ‡ญ ___ar
84%
๐Ÿ‡ต๐Ÿ‡ญ ___awan
84%
๐Ÿ‡ต๐Ÿ‡ญ ___ay
84%
๐Ÿ‡จ๐Ÿ‡ฆ Baffin 507,451
84%
๐Ÿ‡ต๐Ÿ‡ญ ___bate
84%
๐Ÿ‡ต๐Ÿ‡ญ ___danao
84%
๐Ÿ‡ต๐Ÿ‡ญ ___doro
84%
๐Ÿ‡ต๐Ÿ‡ญ ___ilan
84%
๐Ÿ‡ต๐Ÿ‡ญ ___ol
84%
๐Ÿ‡ต๐Ÿ‡ญ ___on
84%
๐Ÿ‡ต๐Ÿ‡ญ ___ros
84%
๐Ÿ‡ต๐Ÿ‡ญ ___te
84%
๐Ÿ‡ต๐Ÿ‡ญ ___u
84%
๐Ÿ‡บ๐Ÿ‡ธ ___a
81%
๐Ÿ‡บ๐Ÿ‡ธ ___ai
81%
๐Ÿ‡บ๐Ÿ‡ธ ___aiสปi
81%
๐Ÿ‡บ๐Ÿ‡ธ ___ak
81%
๐Ÿ‡บ๐Ÿ‡ธ ___anof
81%
๐Ÿ‡บ๐Ÿ‡ธ ___chagof
81%
๐Ÿ‡บ๐Ÿ‡ธ ___g
81%
๐Ÿ‡บ๐Ÿ‡ธ ___gnak
81%
๐Ÿ‡บ๐Ÿ‡ธ ___i
81%
๐Ÿ‡บ๐Ÿ‡ธ ___iak
81%
๐Ÿ‡บ๐Ÿ‡ธ ___illagigedo
81%
๐Ÿ‡บ๐Ÿ‡ธ ___iralty
81%
๐Ÿ‡บ๐Ÿ‡ธ ___ivak
81%
๐Ÿ‡บ๐Ÿ‡ธ ___laska
81%
๐Ÿ‡ต๐Ÿ‡ญ Luzon 109,965
81%
๐Ÿ‡บ๐Ÿ‡ธ ___mak
81%
๐Ÿ‡บ๐Ÿ‡ธ ___nce of Wales
81%
๐Ÿ‡บ๐Ÿ‡ธ ___nt Lawrence
81%
๐Ÿ‡ต๐Ÿ‡ท Puerto Rico 9,100
81%
๐Ÿ‡บ๐Ÿ‡ธ ___reanof
81%
๐Ÿ‡บ๐Ÿ‡ธ ___son
81%
๐Ÿ‡บ๐Ÿ‡ธ ___u
81%
๐Ÿ‡บ๐Ÿ‡ธ ___u
81%
๐Ÿ‡ช๐Ÿ‡ธ ___erife
78%
๐Ÿ‡ช๐Ÿ‡ธ ___lorca
78%
๐Ÿ‡ช๐Ÿ‡ธ ___n Canaria
78%
๐Ÿ‡ช๐Ÿ‡ธ ___rteventura
78%
๐Ÿ‡ช๐Ÿ‡ธ Mallorca 3,667
77%
๐Ÿ‡ฎ๐Ÿ‡ฉ Sulawesi 180,681
77%
๐Ÿ‡จ๐Ÿ‡ณ Hainan 33,210
74%
๐Ÿ‡จ๐Ÿ‡ณ ___nan
74%
๐Ÿ‡จ๐Ÿ‡ณ ___ngming
74%
๐Ÿ‡ฎ๐Ÿ‡ฉ ๐Ÿ‡น๐Ÿ‡ฑ Timor 28,418
74%
๐Ÿ‡น๐Ÿ‡น Trinidad 5,009
74%
๐Ÿ‡ท๐Ÿ‡บ ___aginsky
73%
๐Ÿ‡ท๐Ÿ‡บ ___amushir
73%
๐Ÿ‡ท๐Ÿ‡บ ___ashir
73%
๐Ÿ‡ท๐Ÿ‡บ ___at Lyakhovsky
73%
๐Ÿ‡ท๐Ÿ‡บ ___czek Land
73%
๐Ÿ‡ท๐Ÿ‡บ ___elny
73%
๐Ÿ‡ท๐Ÿ‡บ ___erny
73%
๐Ÿ‡ท๐Ÿ‡บ ___gach
73%
๐Ÿ‡ท๐Ÿ‡บ ___guyev
73%
๐Ÿ‡ท๐Ÿ‡บ ___halin
73%
๐Ÿ‡ท๐Ÿ‡บ ___ham Bell
73%
๐Ÿ‡ท๐Ÿ‡บ ___hny
73%
๐Ÿ‡ท๐Ÿ‡บ ___ing
73%
๐Ÿ‡ท๐Ÿ‡บ ___lya
73%
๐Ÿ‡ท๐Ÿ‡บ ___lya Georga
73%
๐Ÿ‡ท๐Ÿ‡บ ___n
73%
๐Ÿ‡ท๐Ÿ‡บ ___neer
73%
๐Ÿ‡ท๐Ÿ‡บ ___ngel
73%
๐Ÿ‡ท๐Ÿ‡บ ___niy
73%
๐Ÿ‡ท๐Ÿ‡บ ___ober Revolution
73%
๐Ÿ‡ท๐Ÿ‡บ ___p
73%
๐Ÿ‡ท๐Ÿ‡บ ___rup
73%
๐Ÿ‡ท๐Ÿ‡บ ___shevik
73%
๐Ÿ‡ท๐Ÿ‡บ ___shoy Begichev
73%
๐Ÿ‡ท๐Ÿ‡บ ___shoy Shantar
73%
๐Ÿ‡ท๐Ÿ‡บ ___ Siberia
73%
๐Ÿ‡ท๐Ÿ‡บ ___somolets
73%
๐Ÿ‡จ๐Ÿ‡ฆ Vancouver 31,285
73%
๐Ÿ‡จ๐Ÿ‡ฆ Victoria 217,291
73%
๐Ÿ‡ท๐Ÿ‡บ ___xandra
73%
๐Ÿ‡ท๐Ÿ‡บ ___y
73%
๐Ÿ‡ท๐Ÿ‡บ ___y Lyakhovsky
73%
๐Ÿ‡ฎ๐Ÿ‡ฉ Bali 5,416
72%
๐Ÿ‡ต๐Ÿ‡ญ Mindanao 97,530
71%
๐Ÿ‡ท๐Ÿ‡บ Sakhalin 72,493
71%
๐Ÿ‡ฌ๐Ÿ‡ท Rhodes 1,400
70%
๐Ÿ‡ฉ๐Ÿ‡ฐ ___en
68%
๐Ÿ‡ฏ๐Ÿ‡ต Kyushu 36,782
68%
๐Ÿ‡ฉ๐Ÿ‡ฐ ___land
68%
๐Ÿ‡ฉ๐Ÿ‡ฐ ___land
68%
๐Ÿ‡ฉ๐Ÿ‡ฐ ___th Jutlandic
68%
๐Ÿ‡ฉ๐Ÿ‡ฐ Zealand 7,031
68%
๐Ÿ‡จ๐Ÿ‡ฆ Ellesmere 196,236
67%
๐Ÿ‡จ๐Ÿ‡ฆ Prince Edward 5,620
67%
๐Ÿ‡บ๐Ÿ‡ธ Hawaiสปi 10,434
66%
๐Ÿ‡ฆ๐Ÿ‡ท ๐Ÿ‡จ๐Ÿ‡ฑ Tierra del Fuego 47,992
66%
๐Ÿ‡บ๐Ÿ‡ธ Long 3,629
61%
๐Ÿ‡ณ๐Ÿ‡จ ___ Caledonia
60%
๐Ÿ‡ณ๐Ÿ‡จ ___ou
60%
๐Ÿ‡ณ๐Ÿ‡จ New Caledonia 16,648
59%
๐Ÿ‡ฌ๐Ÿ‡ท Lesbos 1,633
58%
๐Ÿ‡ฏ๐Ÿ‡ต Shikoku 18,800
58%
๐Ÿ‡ธ๐Ÿ‡ช ___land
57%
๐Ÿ‡ธ๐Ÿ‡ช ___nd
57%
๐Ÿ‡ธ๐Ÿ‡ช Gotland 2,994
56%
๐Ÿ‡บ๐Ÿ‡ธ Oahu 1,583
56%
๐Ÿ‡ช๐Ÿ‡ธ Tenerife 2,034
56%
๐Ÿ‡ต๐Ÿ‡ฌ ___ Britain
55%
๐Ÿ‡ต๐Ÿ‡ฌ ___gainville
55%
๐Ÿ‡ต๐Ÿ‡ฌ ___gusson
55%
๐Ÿ‡ต๐Ÿ‡ฌ ___ Hanover
55%
๐Ÿ‡ต๐Ÿ‡ฌ ___ Ireland
55%
๐Ÿ‡ต๐Ÿ‡ฌ ___manby
55%
๐Ÿ‡ฒ๐Ÿ‡บ Mauritius 1,860
55%
๐Ÿ‡ต๐Ÿ‡ฌ ___us
55%
๐Ÿ‡ช๐Ÿ‡ธ Gran Canaria 1,560
54%
๐Ÿ‡พ๐Ÿ‡ช Socotra 3,607
53%
๐Ÿ‡จ๐Ÿ‡ฆ Banks 70,028
52%
๐Ÿ‡ณ๐Ÿ‡ด ___daustlandet
52%
๐Ÿ‡ณ๐Ÿ‡ด ___entsรธya
52%
๐Ÿ‡ณ๐Ÿ‡ด ___eรธya
52%
๐Ÿ‡ณ๐Ÿ‡ด ___ja
52%
๐Ÿ‡ณ๐Ÿ‡ด ___nรธya
52%
๐Ÿ‡ฏ๐Ÿ‡ต Okinawa 1,207
52%
๐Ÿ‡ณ๐Ÿ‡ด ___tsbergen
52%
๐Ÿ‡ต๐Ÿ‡ฌ New Britain 35,145
51%
๐Ÿ‡ซ๐Ÿ‡ท Rรฉunion 2,535
51%
๐Ÿ‡ณ๐Ÿ‡ด Spitsbergen 38,981
51%
๐Ÿ‡ซ๐Ÿ‡ท Martinique 1,167
50%
๐Ÿ‡ต๐Ÿ‡ญ Cebu 4,468
49%
๐Ÿ‡ซ๐Ÿ‡ฐ East Falkland 7,040
46%
๐Ÿ‡ฎ๐Ÿ‡ฉ Flores 14,154
46%
๐Ÿ‡ต๐Ÿ‡ญ Palawan 12,189
46%
๐Ÿ‡ซ๐Ÿ‡ฐ ___t Falkland
46%
๐Ÿ‡ซ๐Ÿ‡ฐ ___t Falkland
46%
๐Ÿ‡จ๐Ÿ‡ฆ Prince of Wales 33,339
45%
๐Ÿ‡บ๐Ÿ‡ธ Prince of Wales 6,675
45%
๐Ÿ‡ซ๐Ÿ‡ฐ West Falkland 4,531
45%
๐Ÿ‡บ๐Ÿ‡ธ Maui 1,883
44%
๐Ÿ‡บ๐Ÿ‡ธ Kodiak 9,310
43%
๐Ÿ‡ง๐Ÿ‡ธ ___at Abaco
42%
๐Ÿ‡ง๐Ÿ‡ธ ___at Inagua
42%
๐Ÿ‡ฐ๐Ÿ‡ท Jeju 1,826
42%
๐Ÿ‡ง๐Ÿ‡ธ ___nd Bahama
42%
๐Ÿ‡ต๐Ÿ‡ฌ New Ireland 7,405
42%
๐Ÿ‡ท๐Ÿ‡บ Severny 48,904
42%
๐Ÿ‡ง๐Ÿ‡ธ ___th Andros
42%
๐Ÿ‡ง๐Ÿ‡ธ ___th Andros
42%
๐Ÿ‡ฌ๐Ÿ‡ท Euboea 3,707
41%
๐Ÿ‡ฌ๐Ÿ‡ง Skye 1,656
41%
๐Ÿ‡ต๐Ÿ‡ญ Negros 13,075
40%
๐Ÿ‡ฌ๐Ÿ‡ธ South Georgia 3,718
40%
๐Ÿ‡ฆ๐Ÿ‡ถ ___ady
39%
๐Ÿ‡ฆ๐Ÿ‡ถ ___atz
39%
๐Ÿ‡ต๐Ÿ‡ฌ Bougainville 9,318
39%
๐Ÿ‡ฆ๐Ÿ‡ถ ___ers
39%
๐Ÿ‡ฆ๐Ÿ‡ถ ___es Ross
39%
๐Ÿ‡ฆ๐Ÿ‡ถ ___g George
39%
๐Ÿ‡ฆ๐Ÿ‡ถ ___kner
39%
๐Ÿ‡ฆ๐Ÿ‡ถ ___l
39%
๐Ÿ‡ฆ๐Ÿ‡ถ ___laide
39%
๐Ÿ‡ฆ๐Ÿ‡ถ ___le
39%
๐Ÿ‡จ๐Ÿ‡ฆ Mackenzie King 5,048
39%
๐Ÿ‡ฆ๐Ÿ‡ถ ___ney
39%
๐Ÿ‡ฆ๐Ÿ‡ถ ___nville
39%
๐Ÿ‡ฆ๐Ÿ‡ถ ___rcot
39%
๐Ÿ‡ฆ๐Ÿ‡ถ ___rston
39%
๐Ÿ‡ฆ๐Ÿ‡ถ ___s
39%
๐Ÿ‡ฆ๐Ÿ‡ถ ___sevelt
39%
๐Ÿ‡ฆ๐Ÿ‡ถ ___xander
39%
๐Ÿ‡น๐Ÿ‡ฟ Zanzibar 1,666
39%
๐Ÿ‡ง๐Ÿ‡ธ Grand Bahama 1,373
38%
๐Ÿ‡ฆ๐Ÿ‡บ King 1,121
38%
๐Ÿ‡ฌ๐Ÿ‡ง Lewis and Harris 2,086
38%
๐Ÿ‡ฎ๐Ÿ‡ฉ Lombok 4,625
38%
๐Ÿ‡จ๐Ÿ‡ฆ Devon 55,247
37%
๐Ÿ‡จ๐Ÿ‡ฆ Prince Charles 9,521
37%
๐Ÿ‡ง๐Ÿ‡ท ___a Grande de Gurupรก
36%
๐Ÿ‡ง๐Ÿ‡ท ___ajรณ
36%
๐Ÿ‡ง๐Ÿ‡ท ___anal
36%
๐Ÿ‡จ๐Ÿ‡ฆ Cape Breton 10,311
36%
๐Ÿ‡ง๐Ÿ‡ท ___iana
36%
๐Ÿ‡ง๐Ÿ‡ท ___inambarana
36%
๐Ÿ‡ง๐Ÿ‡ท ___ Luรญs
36%
๐Ÿ‡ท๐Ÿ‡บ October Revolution 14,204
36%
๐Ÿ‡ซ๐Ÿ‡ฏ ___i Levu
35%
๐Ÿ‡จ๐Ÿ‡ฆ Somerset 24,786
35%
๐Ÿ‡ซ๐Ÿ‡ฏ ___ua Levu
35%
๐Ÿ‡ซ๐Ÿ‡ฏ Viti Levu 10,531
35%
๐Ÿ‡ท๐Ÿ‡บ Yuzhny 33,246
35%
๐Ÿ‡จ๐Ÿ‡ฆ Southampton 41,214
34%
๐Ÿ‡ฎ๐Ÿ‡ฉ Sumba 10,711
34%
๐Ÿ‡บ๐Ÿ‡ธ Kauai 1,456
33%
๐Ÿ‡จ๐Ÿ‡ฆ King William 13,111
33%
๐Ÿ‡ง๐Ÿ‡ท Marajรณ 40,100
33%
๐Ÿ‡ต๐Ÿ‡ญ Mindoro 10,572
33%
๐Ÿ‡จ๐Ÿ‡ฆ Anticosti 7,941
32%
๐Ÿ‡จ๐Ÿ‡ฆ Axel Heiberg 43,178
32%
๐Ÿ‡ท๐Ÿ‡บ Bolshevik 11,206
32%
๐Ÿ‡จ๐Ÿ‡ฆ Cornwall 2,358
32%
๐Ÿ‡ฎ๐Ÿ‡ฉ Sumbawa 14,386
32%
๐Ÿ‡ธ๐Ÿ‡ง ___aita
31%
๐Ÿ‡ฆ๐Ÿ‡ถ Alexander 49,070
31%
๐Ÿ‡ธ๐Ÿ‡ง ___dalcanal
31%
๐Ÿ‡ช๐Ÿ‡ธ Fuerteventura 1,660
31%
๐Ÿ‡ธ๐Ÿ‡ง ___ Georgia
31%
๐Ÿ‡ธ๐Ÿ‡ง ___ira
31%
๐Ÿ‡ธ๐Ÿ‡ง ___iseul
31%
๐Ÿ‡ต๐Ÿ‡ญ Leyte 7,368
31%
๐Ÿ‡ธ๐Ÿ‡ง ___ta Isabel
31%
๐Ÿ‡ฎ๐Ÿ‡ฉ Bangka 11,413
30%
๐Ÿ‡จ๐Ÿ‡ฆ Bathurst 16,042
30%
๐Ÿ‡ฆ๐Ÿ‡บ Bathurst 1,692
30%
๐Ÿ‡จ๐Ÿ‡บ Juventud 2,237
30%
๐Ÿ‡ต๐Ÿ‡ญ Panay 12,011
30%
๐Ÿ‡จ๐Ÿ‡ฆ Cornwallis 6,995
29%
๐Ÿ‡ฆ๐Ÿ‡บ Kangaroo 4,374
29%
๐Ÿ‡ง๐Ÿ‡ธ North Andros 3,439
29%
๐Ÿ‡ง๐Ÿ‡ธ South Andros 1,448
29%
๐Ÿ‡ฉ๐Ÿ‡ฐ Funen 2,985
28%
๐Ÿ‡ธ๐Ÿ‡ง Guadalcanal 5,353
28%
๐Ÿ‡ฎ๐Ÿ‡ฉ Halmahera 18,040
28%
๐Ÿ‡ป๐Ÿ‡ช Margarita 1,020
28%
๐Ÿ‡จ๐Ÿ‡ฆ Melville 42,149
28%
๐Ÿ‡ฆ๐Ÿ‡บ Melville 5,765
28%
๐Ÿ‡ธ๐Ÿ‡ช ร–land 1,347
28%
๐Ÿ‡จ๐Ÿ‡ฆ Prince Patrick 15,848
28%
๐Ÿ‡ฎ๐Ÿ‡ฉ Seram 17,454
28%
๐Ÿ‡ฉ๐Ÿ‡ฐ North Jutlandic 4,685
27%
๐Ÿ‡ช๐Ÿ‡ช Saaremaa 2,673
27%
๐Ÿ‡บ๐Ÿ‡ธ Saint Lawrence 5,135
27%
๐Ÿ‡ต๐Ÿ‡ญ Samar 12,849
27%
๐Ÿ‡ท๐Ÿ‡บ Wrangel 7,866
27%
๐Ÿ‡จ๐Ÿ‡ฑ ___arino
25%
๐Ÿ‡จ๐Ÿ‡ฑ ___cena
25%
๐Ÿ‡จ๐Ÿ‡ฑ ___dalena
25%
๐Ÿ‡จ๐Ÿ‡ฆ Graham 6,361
25%
๐Ÿ‡จ๐Ÿ‡ฆ Graham 1,378
25%
๐Ÿ‡จ๐Ÿ‡ฑ ___lington
25%
๐Ÿ‡จ๐Ÿ‡ฑ ___loรฉ
25%
๐Ÿ‡จ๐Ÿ‡ฑ ___olaciรณn
25%
๐Ÿ‡จ๐Ÿ‡ฑ ___pana
25%
๐Ÿ‡จ๐Ÿ‡ฑ ___rano
25%
๐Ÿ‡จ๐Ÿ‡ฑ ___re de Dios
25%
๐Ÿ‡จ๐Ÿ‡ฑ ___rence
25%
๐Ÿ‡จ๐Ÿ‡ฑ ___sco
25%
๐Ÿ‡จ๐Ÿ‡ฑ ___son
25%
๐Ÿ‡จ๐Ÿ‡ฑ ___ta Inรฉs
25%
๐Ÿ‡จ๐Ÿ‡ฑ ___te
25%
๐Ÿ‡ต๐Ÿ‡ญ Bohol 3,821
24%
๐Ÿ‡จ๐Ÿ‡ฑ Chiloรฉ 8,478
24%
๐Ÿ‡ฐ๐Ÿ‡ฒ Grande Comore 1,025
24%
๐Ÿ‡น๐Ÿ‡ซ Kerguelen 6,617
24%
๐Ÿ‡ณ๐Ÿ‡ด Nordaustlandet 14,467
24%
๐Ÿ‡ฆ๐Ÿ‡ถ Ross 2,460
24%
๐Ÿ‡บ๐Ÿ‡ธ Unalaska 2,720
24%
๐Ÿ‡ฎ๐Ÿ‡ฉ Yos Sudarso 11,742
24%
๐Ÿ‡ฎ๐Ÿ‡ณ ___dle Andaman
23%
๐Ÿ‡ฎ๐Ÿ‡ฉ Madura 4,429
23%
๐Ÿ‡ฎ๐Ÿ‡ณ North Andaman 2,781
23%
๐Ÿ‡ฆ๐Ÿ‡ถ Roosevelt 7,910
23%
๐Ÿ‡ฎ๐Ÿ‡ณ South Andaman 1,211
23%
๐Ÿ‡ฎ๐Ÿ‡ณ ___th Andaman
23%
๐Ÿ‡ฎ๐Ÿ‡ณ ___th Andaman
23%
๐Ÿ‡ฎ๐Ÿ‡ฉ Buru 8,473
22%
๐Ÿ‡จ๐Ÿ‡ฆ Bylot 11,067
22%
๐Ÿ‡จ๐Ÿ‡ฆ Ellef Ringnes 11,295
22%
๐Ÿ‡ฎ๐Ÿ‡ฉ Nias 4,048
22%
๐Ÿ‡ต๐Ÿ‡ซ Tahiti 1,044
22%
๐Ÿ‡ฆ๐Ÿ‡ถ Berkner 43,873
21%
๐Ÿ‡ง๐Ÿ‡ธ Great Abaco 1,146
21%
๐Ÿ‡ฉ๐Ÿ‡ฐ Lolland 1,243
21%
๐Ÿ‡ฎ๐Ÿ‡ณ Middle Andaman 1,536
21%
๐Ÿ‡ธ๐Ÿ‡ง Santa Isabel 3,665
21%
๐Ÿ‡ซ๐Ÿ‡ฏ Vanua Levu 5,587
21%
๐Ÿ‡จ๐Ÿ‡ฆ Air Force 1,720
20%
๐Ÿ‡ฌ๐Ÿ‡ฑ Geographical Society 1,717
20%
๐Ÿ‡ท๐Ÿ‡บ Komsomolets 8,812
20%
๐Ÿ‡ท๐Ÿ‡บ Kotelny 24,000
20%
๐Ÿ‡ต๐Ÿ‡ญ Masbate 3,268
20%
๐Ÿ‡ท๐Ÿ‡บ New Siberia 6,201
20%
๐Ÿ‡จ๐Ÿ‡ฆ Nottingham 1,372
20%
๐Ÿ‡จ๐Ÿ‡ฆ Amund Ringnes 5,255
19%
๐Ÿ‡ง๐Ÿ‡ท Bananal 20,000
19%
๐Ÿ‡ฎ๐Ÿ‡ฉ Belitung 4,478
19%
๐Ÿ‡จ๐Ÿ‡ฆ Princess Royal 2,251
19%
๐Ÿ‡ฆ๐Ÿ‡ถ Adelaide 4,663
18%
๐Ÿ‡ท๐Ÿ‡บ Alexandra 1,095
18%
๐Ÿ‡ฌ๐Ÿ‡ถ Bioko 2,017
18%
๐Ÿ‡จ๐Ÿ‡ฆ Coats 5,498
18%
๐Ÿ‡ช๐Ÿ‡จ Isabela 4,640
18%
๐Ÿ‡ธ๐Ÿ‡ง New Georgia 2,037
18%
๐Ÿ‡ฆ๐Ÿ‡ถ Thurston 15,700
18%
๐Ÿ‡ป๐Ÿ‡บ ___akula
17%
๐Ÿ‡ฎ๐Ÿ‡ฉ Buton 4,408
17%
๐Ÿ‡ฆ๐Ÿ‡ถ Carney 8,500
17%
๐Ÿ‡ป๐Ÿ‡บ Espiritu Santo 3,956
17%
๐Ÿ‡ป๐Ÿ‡บ ___iritu Santo
17%
๐Ÿ‡ฆ๐Ÿ‡ถ King George 1,384
17%
๐Ÿ‡บ๐Ÿ‡ธ Unimak 4,119
17%
๐Ÿ‡จ๐Ÿ‡ณ Chongming 1,229
16%
๐Ÿ‡ง๐Ÿ‡ธ Great Inagua 1,544
16%
๐Ÿ‡จ๐Ÿ‡ฆ Manitoulin 2,766
16%
๐Ÿ‡ต๐Ÿ‡ฌ New Hanover 1,227
16%
๐Ÿ‡ฆ๐Ÿ‡ถ Siple 6,390
16%
๐Ÿ‡จ๐Ÿ‡ฆ Stefansson 4,463
16%
๐Ÿ‡ธ๐Ÿ‡ง Choiseul 2,971
15%
๐Ÿ‡ณ๐Ÿ‡ด Edgeรธya 5,073
15%
๐Ÿ‡ท๐Ÿ‡บ Graham Bell 1,557
15%
๐Ÿ‡ฆ๐Ÿ‡บ Groote Eylandt 2,326
15%
๐Ÿ‡ธ๐Ÿ‡ง Malaita 3,836
15%
๐Ÿ‡ฎ๐Ÿ‡ฉ Siberut 3,829
15%
๐Ÿ‡ง๐Ÿ‡ท Tupinambarana 7,700
15%
๐Ÿ‡บ๐Ÿ‡ธ Umnak 1,777
15%
๐Ÿ‡จ๐Ÿ‡ฑ Wellington 5,556
15%
๐Ÿ‡ต๐Ÿ‡ญ Basilan 1,266
14%
๐Ÿ‡ท๐Ÿ‡บ Bering 1,660
14%
๐Ÿ‡ฆ๐Ÿ‡บ Fraser 1,840
14%
๐Ÿ‡จ๐Ÿ‡ฆ Mansel 3,180
14%
๐Ÿ‡ต๐Ÿ‡ฌ Manus 2,100
14%
๐Ÿ‡จ๐Ÿ‡ฆ Moresby 2,608
14%
๐Ÿ‡ฌ๐Ÿ‡ฑ Qeqertarsuaq 8,612
14%
๐Ÿ‡ฎ๐Ÿ‡ท Qeshm 1,491
14%
๐Ÿ‡ง๐Ÿ‡ท Sรฃo Luรญs 1,410
14%
๐Ÿ‡บ๐Ÿ‡ธ Admiralty 4,362
13%
๐Ÿ‡จ๐Ÿ‡ฆ Akimiski 3,001
13%
๐Ÿ‡จ๐Ÿ‡ฆ Cameron 1,059
13%
๐Ÿ‡บ๐Ÿ‡ธ Chichagof 5,388
13%
๐Ÿ‡จ๐Ÿ‡ฆ Flaherty 1,585
13%
๐Ÿ‡จ๐Ÿ‡ฑ Magdalena 2,025
13%
๐Ÿ‡ท๐Ÿ‡บ Pioneer 1,527
13%
๐Ÿ‡จ๐Ÿ‡ฆ Resolution 1,015
13%
๐Ÿ‡ณ๐Ÿ‡ด Barentsรธya 1,288
12%
๐Ÿ‡ง๐Ÿ‡ฉ Bhola 1,441
12%
๐Ÿ‡ฎ๐Ÿ‡ฉ Bintan 1,173
12%
๐Ÿ‡ท๐Ÿ‡บ Bolshoy Shantar 1,766
12%
๐Ÿ‡จ๐Ÿ‡ฆ Borden 2,794
12%
๐Ÿ‡ฆ๐Ÿ‡บ Flinders 1,367
12%
๐Ÿ‡ณ๐Ÿ‡ด Hinnรธya 2,198
12%
๐Ÿ‡บ๐Ÿ‡ธ Nunivak 4,209
12%
๐Ÿ‡ผ๐Ÿ‡ธ ___ai'i
11%
๐Ÿ‡บ๐Ÿ‡ธ Baranof 4,065
11%
๐Ÿ‡ฎ๐Ÿ‡ฉ Biak 1,904
11%
๐Ÿ‡ท๐Ÿ‡บ Great Lyakhovsky 5,157
11%
๐Ÿ‡ฆ๐Ÿ‡ถ James Ross 2,598
11%
๐Ÿ‡ผ๐Ÿ‡ธ ___lu
11%
๐Ÿ‡ฌ๐Ÿ‡ฑ Milne 3,913
11%
๐Ÿ‡ฎ๐Ÿ‡ฉ Muna 2,889
11%
๐Ÿ‡ณ๐Ÿ‡ด Senja 1,590
11%
๐Ÿ‡ฌ๐Ÿ‡ฑ Shannon 1,259
11%
๐Ÿ‡จ๐Ÿ‡ฆ Wales 1,137
11%
๐Ÿ‡ท๐Ÿ‡บ Zemlya Georga 2,821
11%
๐Ÿ‡ฆ๐Ÿ‡ถ Anvers 2,432
10%
๐Ÿ‡ท๐Ÿ‡บ Bolshoy Begichev 1,764
10%
๐Ÿ‡ฆ๐Ÿ‡ถ Charcot 1,500
10%
๐Ÿ‡ง๐Ÿ‡ท Ilha Grande de Gurupรก 4,864
10%
๐Ÿ‡บ๐Ÿ‡ธ Kuiu 1,936
10%
๐Ÿ‡จ๐Ÿ‡ฆ Lougheed 1,308
10%
๐Ÿ‡ป๐Ÿ‡บ Malakula 2,041
10%
๐Ÿ‡บ๐Ÿ‡ธ Nelson 2,183
10%
๐Ÿ‡ฎ๐Ÿ‡ฉ Obi 2,542
10%
๐Ÿ‡จ๐Ÿ‡ฆ Pitt 1,375
10%
๐Ÿ‡บ๐Ÿ‡ธ Revillagigedo 2,755
10%
๐Ÿ‡จ๐Ÿ‡ฆ Richards 2,165
10%
๐Ÿ‡จ๐Ÿ‡ฑ Riesco 5,110
10%
๐Ÿ‡ผ๐Ÿ‡ธ Savai'i 1,694
10%
๐Ÿ‡ณ๐Ÿ‡ฟ Stewart/Rakiura 1,815
10%
๐Ÿ‡ฎ๐Ÿ‡ฉ Yamdena 3,100
10%
๐Ÿ‡บ๐Ÿ‡ธ Afognak 1,813
9%
๐Ÿ‡ฎ๐Ÿ‡ฉ Alor 2,120
9%
๐Ÿ‡ฎ๐Ÿ‡ฉ Bacan 1,900
9%
๐Ÿ‡ต๐Ÿ‡ญ Catanduanes 1,523
9%
๐Ÿ‡จ๐Ÿ‡ฑ Clarence 1,111
9%
๐Ÿ‡จ๐Ÿ‡ฆ Eglinton 1,541
9%
๐Ÿ‡ต๐Ÿ‡ฌ Fergusson 1,437
9%
๐Ÿ‡ท๐Ÿ‡บ Iturup 3,238
9%
๐Ÿ‡ฆ๐Ÿ‡ถ Joinville 1,607
9%
๐Ÿ‡ท๐Ÿ‡บ Kolguyev 4,968
9%
๐Ÿ‡บ๐Ÿ‡ธ Kupreanof 2,813
9%
๐Ÿ‡จ๐Ÿ‡ฑ Madre de Dios 1,043
9%
๐Ÿ‡ฎ๐Ÿ‡ฉ Mangole 1,255
9%
๐Ÿ‡ฆ๐Ÿ‡บ Mornington 1,002
9%
๐Ÿ‡ฎ๐Ÿ‡ฉ Morotai 2,266
9%
๐Ÿ‡จ๐Ÿ‡ฑ Navarino 2,473
9%
๐Ÿ‡ต๐Ÿ‡ฌ Normanby 1,040
9%
๐Ÿ‡ฎ๐Ÿ‡ฉ Simeulue 1,754
9%
๐Ÿ‡ฆ๐Ÿ‡ถ Spaatz 4,100
9%
๐Ÿ‡ฎ๐Ÿ‡ฉ Tanahbesar 1,604
9%
๐Ÿ‡ท๐Ÿ‡บ Vaygach 3,329
9%
๐Ÿ‡ฎ๐Ÿ‡ฉ Waigeo 3,060
9%
๐Ÿ‡ฎ๐Ÿ‡ฉ Wetar 3,600
9%
๐Ÿ‡จ๐Ÿ‡ฆ Byam Martin 1,150
8%
๐Ÿ‡จ๐Ÿ‡ฑ Dawson 1,290
8%
๐Ÿ‡จ๐Ÿ‡ฑ Desolaciรณn 1,352
8%
๐Ÿ‡ท๐Ÿ‡บ Kunashir 1,612
8%
๐Ÿ‡ธ๐Ÿ‡ง Makira 3,190
8%
๐Ÿ‡ท๐Ÿ‡บ Maly Lyakhovsky 1,325
8%
๐Ÿ‡ฎ๐Ÿ‡ฉ Natuna Besar 1,720
8%
๐Ÿ‡ฎ๐Ÿ‡ฉ Padang 1,109
8%
๐Ÿ‡ท๐Ÿ‡บ Paramushir 2,471
8%
๐Ÿ‡ฎ๐Ÿ‡ฉ Peleng 2,406
8%
๐Ÿ‡จ๐Ÿ‡ฑ Santa Inรฉs 3,688
8%
๐Ÿ‡ฌ๐Ÿ‡ฑ Traill 3,542
8%
๐Ÿ‡ผ๐Ÿ‡ธ Upolu 1,125
8%
๐Ÿ‡ท๐Ÿ‡บ Urup 1,437
8%
๐Ÿ‡ท๐Ÿ‡บ Wilczek Land 2,203
8%
๐Ÿ‡ฎ๐Ÿ‡ฉ Yapen 2,278
8%
๐Ÿ‡ฌ๐Ÿ‡ฑ Ymer 2,437
8%
๐Ÿ‡บ๐Ÿ‡ธ Atka 1,048
7%
๐Ÿ‡ง๐Ÿ‡ท Caviana 5,000
7%
๐Ÿ‡ฌ๐Ÿ‡ฑ Clavering 1,535
7%
๐Ÿ‡ฆ๐Ÿ‡ถ Mill 1,258
7%
๐Ÿ‡ฌ๐Ÿ‡ฑ Nares 1,466
7%
๐Ÿ‡ฒ๐Ÿ‡ฒ Ramree 1,350
7%
๐Ÿ‡ฎ๐Ÿ‡ฉ Rote 1,227
7%
๐Ÿ‡ท๐Ÿ‡บ Bely 1,810
6%
๐Ÿ‡จ๐Ÿ‡ฑ Campana 1,188
6%
๐Ÿ‡จ๐Ÿ‡ฑ Hoste 4,117
6%
๐Ÿ‡ท๐Ÿ‡บ Karaginsky 2,404
6%
๐Ÿ‡ฎ๐Ÿ‡ฉ Lembata 1,270
6%
๐Ÿ‡ณ๐Ÿ‡จ Lifou 1,146
6%
๐Ÿ‡ฎ๐Ÿ‡ฉ Misool 2,034
6%
๐Ÿ‡ฎ๐Ÿ‡ฉ Rupat 1,490
6%
๐Ÿ‡ฎ๐Ÿ‡ฉ Salawati 1,623
6%
๐Ÿ‡จ๐Ÿ‡ฑ Serrano 1,063
6%
๐Ÿ‡ฎ๐Ÿ‡ฉ Taliabu 2,913
6%
๐Ÿ‡ฒ๐Ÿ‡ฝ Tiburรณn 1,201
6%
๐Ÿ‡ฎ๐Ÿ‡ฉ Trangan 2,149
6%
๐Ÿ‡ฎ๐Ÿ‡ฉ Kobroor 1,723
5%
๐Ÿ‡ฆ๐Ÿ‡ถ Latady 3,300
5%
๐Ÿ‡ฎ๐Ÿ‡ฉ Laut 2,057
5%
๐Ÿ‡ฎ๐Ÿ‡ฉ Rantau 1,597
5%
๐Ÿ‡จ๐Ÿ‡ฆ Rowley 1,090
5%
๐Ÿ‡จ๐Ÿ‡ฆ Vanier 1,126
5%
๐Ÿ‡จ๐Ÿ‡ฑ Aracena 1,164
4%
๐Ÿ‡ท๐Ÿ‡บ Ayon 2,000
4%
๐Ÿ‡ท๐Ÿ‡บ Gallya 1,049
4%
๐Ÿ‡ท๐Ÿ‡บ Oleniy 1,197
3%
No matching quizzes found
Score Distribution
Percent of People with Each Score
Percentile by Number Answered
Your Score History
You have not taken this quiz